000 00927nam a2200289 i 4500
003 DO-SdBNP
005 20240404154415.0
007 ta
008 240404b2008 dr ||||| |||| 00| 0 spa d
020 _a9789945453010
040 _aDO-SdBNP
_bspa
_cBNPHU
_erda
082 4 _222
100 1 _aCastor Paniagua, Luesmil,
_d1961-
_978157
_eautor
245 1 0 _aRelaciones públicas /
_cLuesmil Castor ; editor, Rafael Paulino
250 _a2a ed. ampliada y corregida
264 _aSanto Domingo :
_bSomos Literatura,
_c2008.
300 _a247 páginas ;
_c20 cm.
336 _2rdacontent
_atexto
_btxt
337 _2rdamedia
_asin mediación
_bn
338 _2rdacarrier
_avolumen
_bnc
500 _aIncluye datos biográficos del autor en la contracubierta
504 _aBibliografía : p. 235-247
590 _aInventariado, 2024/BT
700 1 _aPaukino, Rafael,
_eeditor
_985131
910 _aBtavárez
942 _2ddc
_cLBS1
999 _c56252
_d56252